Fr. Conceicao Rodrigues College of Engineering

Industry 5.0:The future of the Industrial economy (Record no. 35985)

MARC details
000 -LEADER
fixed length control field 00273 a2200109 4500
000 - LEADER
fixed length control field nam a22 7a 4500
020 ## - INTERNATIONAL STANDARD BOOK NUMBER
International Standard Book Number 9781032600130
100 ## - MAIN ENTRY--PERSONAL NAME
Personal name Elangovan, Uthayan
9 (RLIN) 99
245 ## - TITLE STATEMENT
Title Industry 5.0:The future of the Industrial economy
260 ## - PUBLICATION, DISTRIBUTION, ETC.
Name of publisher, distributor, etc. CRC
Date of publication, distribution, etc. 2022
264 ## - PRODUCTION, PUBLICATION, DISTRIBUTION, MANUFACTURE, AND COPYRIGHT NOTICE
Name of producer, publisher, distributor, manufacturer CRC

No items available.